000 00345pam a2200157a 44500
008 230515b1980 xxu||||| |||| 00| 0 eng d
020 _aNULL
041 _aENGL
082 _a/ALL
100 _aALLAN B.
245 _aGRAPHIC ART ON THE COMMODORE 64
250 _aN.D.
260 _aNULL
_bSUNSH
_c1980
300 _a120 PB
650 _aNULL
999 _c619813
_d619813